[Event "Ayvalik Ananas"]
[Site "Ayvalik"]
[Date "2024.01.29"]
[Round "10.2"]
[White "Ilinca Ilinca, Felix Antonio"]
[Black "Radusinovic, Lazar"]
[Result "1/2-1/2"]
[WhiteElo "2415"]
[BlackElo "2293"]
[PlyCount "113"]
[EventDate "2024.01.25"]
[EventType "schev"]
[EventRounds "10"]
[EventCountry "TUR"]
[SourceTitle "CB05_2024"]
[SourceDate "2024.01.31"]
[SourceVersion "1"]
[SourceVersionDate "2024.01.31"]
[SourceQuality "1"]
[WhiteTeam "Stars"]
[BlackTeam "Masters"]
[WhiteTeamCountry "TUR"]
[BlackTeamCountry "TUR"]

1. e4 c5 2. Nf3 Nc6 3. Bb5 d6 4. 0-0 Bd7 5. Re1 a6 6. Bf1 Bg4 7. c3 Bxf3 8. Qxf3 g6 9. d3 Bg7 10. Nd2 e6 11. Nc4 Nge7 12. Bf4 Ne5 13. Bxe5 dxe5 14. a4 b6 15. Qe3 Rb8 16. Reb1 b5 17. axb5 axb5 18. Nd2 Rc8 19. Ra6 Rc7 20. Nb3 Qc8 21. Rba1 0-0 22. Ra7 b4 23. Rxc7 Qxc7 24. Qxc5 Qxc5 25. Nxc5 bxc3 26. bxc3 Rc8 27. Na4 Ra8 28. Be2 Nc8 29. Bd1 Nb6 30. Kf1 Nxa4 31. Rxa4 Rc8 32. Ra3 Bf8 33. Rb3 Ra8 34. Rb2 Ra3 35. Bb3 Ra1+ 36. Ke2 Rc1 37. Rc2 Rg1 38. Kf3 Bc5 39. Bc4 Rb1 40. Ke2 Rg1 41. Kf3 Rb1 42. Ke2 Rg1 43. g3 g5 44. Kf3 h5 45. h3 Kg7 46. Bb5 Rb1 47. Bc6 Rd1 48. Bb5 Rb1 49. Ba6 Ra1 50. Bc4 Rg1 51. Ke2 Rh1 52. Bb3 Rxh3 53. Rd2 Rh1 54. d4 exd4 55. cxd4 Bb4 56. Rd1 Rxd1 57. Bxd1 1/2-1/2

[Event "Ayvalik Mandalina"]
[Site "Ayvalik"]
[Date "2023.12.01"]
[Round "8.4"]
[White "Radusinovic, Lazar"]
[Black "Deveci, Huseyin Said"]
[Result "1-0"]
[WhiteElo "2304"]
[BlackElo "2059"]
[PlyCount "117"]
[EventDate "2023.11.28"]
[EventType "schev"]
[EventRounds "10"]
[EventCountry "TUR"]
[SourceTitle "CB49_2023"]
[SourceDate "2023.12.06"]
[SourceVersion "1"]
[SourceVersionDate "2023.12.06"]
[SourceQuality "1"]
[WhiteTeam "Masters"]
[BlackTeam "Stars"]
[WhiteTeamCountry "TUR"]
[BlackTeamCountry "TUR"]

1. Nf3 Nf6 2. g3 g6 3. Bg2 Bg7 4. 0-0 0-0 5. c4 c6 6. d4 d5 7. cxd5 cxd5 8. Nc3 Nc6 9. Ne5 e6 10. Nxc6 bxc6 11. Na4 Nd7 12. Bf4 Qf6 13. Bd6 Re8 14. Qc2 Bb7 15. Rfd1 e5 16. dxe5 Nxe5 17. Bc5 Nc4 18. Bd4 Qe7 19. Bxg7 Kxg7 20. e4 Rad8 21. b3 Nb6 22. Qc3+ Kg8 23. Nc5 Bc8 24. h3 Qd6 25. Rd4 Qe5 26. Rad1 Qh5 27. g4 Qg5 28. Qd2 Qe7 29. Qc3 Qg5 30. Qc1 Qh4 31. a4 h5 32. g5 Bxh3 33. e5 Bg4 34. Qf4 Nd7 35. Nxd7 Rxd7 36. f3 Rde7 37. fxg4 Rxe5 38. Rf1 R8e7 39. Rb4 Qxg5 40. gxh5 Qxf4 41. Rbxf4 gxh5 42. Rf6 R5e6 43. R6f5 Re5 44. Rxe5 Rxe5 45. Rc1 Re6 46. Kf2 Kf8 47. b4 Ke7 48. b5 cxb5 49. axb5 Rb6 50. Bf1 Kd6 51. Ke3 f6 52. Kd4 Rb7 53. Rc5 Rh7 54. Rc6+ Kd7 55. Bh3+ Ke8 56. Rc8+ Kf7 57. Rc7+ Kg8 58. Rxh7 Kxh7 59. Kxd5 1-0

[Event "Ayvalik Mandalina"]
[Site "Ayvalik"]
[Date "2023.11.30"]
[Round "6.1"]
[White "Radusinovic, Lazar"]
[Black "Omidi, Arya"]
[Result "1-0"]
[WhiteElo "2304"]
[BlackElo "2301"]
[PlyCount "83"]
[EventDate "2023.11.28"]
[EventType "schev"]
[EventRounds "10"]
[EventCountry "TUR"]
[SourceTitle "CB49_2023"]
[SourceDate "2023.12.06"]
[SourceVersion "1"]
[SourceVersionDate "2023.12.06"]
[SourceQuality "1"]
[WhiteTeam "Masters"]
[BlackTeam "Stars"]
[WhiteTeamCountry "TUR"]
[BlackTeamCountry "TUR"]

1. Nf3 d5 2. d4 Nf6 3. g3 c5 4. c4 dxc4 5. Bg2 Nc6 6. 0-0 cxd4 7. Qa4 Bd7 8. Qxc4 e5 9. Ng5 Qe7 10. b3 Na5 11. Qd3 h6 12. Ba3 Qd8 13. Bxf8 Kxf8 14. Ne4 Nxe4 15. Bxe4 g6 16. f4 Kg7 17. fxe5 Nc6 18. Rf4 Qb6 19. Bxc6 Qxc6 20. Nd2 Bf5 21. Qxd4 Rad8 22. Qe3 Bh3 23. Nf3 g5 24. Rc4 Qd5 25. Rd4 Qc6 26. Rad1 Rxd4 27. Qxd4 Re8 28. e6+ f6 29. Qd7+ Kh8 30. Qxc6 bxc6 31. Kf2 Bxe6 32. Rd6 Bd5 33. Rxf6 Kg7 34. Rd6 a5 35. Nd4 Rf8+ 36. Ke3 Rf1 37. Nxc6 Bxc6 38. Rxc6 Rh1 39. Ra6 Rxh2 40. Rxa5 Kg6 41. b4 g4 42. b5 1-0

[Event "Ayvalik Mandalina"]
[Site "Ayvalik"]
[Date "2023.11.29"]
[Round "3.4"]
[White "Deveci, Huseyin Said"]
[Black "Radusinovic, Lazar"]
[Result "1/2-1/2"]
[WhiteElo "2059"]
[BlackElo "2304"]
[PlyCount "139"]
[EventDate "2023.11.28"]
[EventType "schev"]
[EventRounds "10"]
[EventCountry "TUR"]
[SourceTitle "CB49_2023"]
[SourceDate "2023.12.06"]
[SourceVersion "1"]
[SourceVersionDate "2023.12.06"]
[SourceQuality "1"]
[WhiteTeam "Stars"]
[BlackTeam "Masters"]
[WhiteTeamCountry "TUR"]
[BlackTeamCountry "TUR"]

1. e4 c5 2. Nf3 Nc6 3. d4 cxd4 4. Nxd4 e5 5. Nb5 d6 6. N1c3 a6 7. Na3 b5 8. Nd5 Nge7 9. c4 Nxd5 10. exd5 Nd4 11. cxb5 Be7 12. Bd3 0-0 13. 0-0 f5 14. Be3 Nxb5 15. Nc4 Bb7 16. a4 Nc7 17. Bb6 Qd7 18. Na5 Bxd5 19. Rc1 Ne8 20. Bxf5 Be6 21. Bxe6+ Qxe6 22. Nc6 Bg5 23. Rc3 Nf6 24. Re1 Kh8 25. Nd4 Qd5 26. Nf3 Bf4 27. Qxd5 Nxd5 28. Rb3 Rac8 29. g3 Bc1 30. a5 Nf6 31. Rc3 Bxb2 32. Rxc8 Rxc8 33. Ng5 Kg8 34. Ne6 Ne8 35. Re2 Ba3 36. f4 Kf7 37. Ng5+ Kg6 38. Ne6 Kf6 39. Ng5 Kg6 40. Nf3 exf4 41. Re6+ Nf6 42. gxf4 Kf5 43. Re3 Bc5 44. Bxc5 Rxc5 45. Nd4+ Kxf4 46. Re7 Rxa5 47. Ne6+ Kf5 48. Nxg7+ Kg6 49. Ne6 Re5 50. Nf8+ Kg5 51. Ra7 a5 52. Kg2 Kf4 53. Rf7 Rg5+ 54. Kf1 Rf5 55. Ke2 h5 56. Ne6+ Kg4 57. Rg7+ Kh4 58. Nd4 Re5+ 59. Kf1 Ng4 60. Nf3+ Kh3 61. Nxe5 dxe5 62. Ra7 Kxh2 63. Rxa5 Kg3 64. Ra3+ Kf4 65. Rh3 Nf6 66. Ke2 e4 67. Rh1 Kf5 68. Rf1+ Kg5 69. Ke3 h4 70. Rxf6 1/2-1/2

[Event "Ayvalik Armut"]
[Site "Ayvalik"]
[Date "2023.11.18"]
[Round "6"]
[White "Senel, Hayri Beyhun"]
[Black "Radusinovic, Lazar"]
[Result "0-1"]
[WhiteElo "1953"]
[BlackElo "2304"]
[PlyCount "82"]
[EventDate "2023.11.16"]
[EventType "schev"]
[EventRounds "10"]
[EventCountry "TUR"]
[SourceTitle "CB47_2023"]
[SourceDate "2023.11.22"]
[SourceVersion "1"]
[SourceVersionDate "2023.11.22"]
[SourceQuality "1"]
[WhiteTeam "Stars"]
[BlackTeam "Masters"]

1. d4 Nf6 2. c4 e6 3. Nc3 Bb4 4. Qc2 c5 5. e3 Nc6 6. Nf3 d6 7. Bd3 e5 8. d5 Ne7 9. e4 0-0 10. 0-0 Bxc3 11. bxc3 Ng6 12. Be2 Bg4 13. h3 Bd7 14. Rb1 Qc8 15. Rb2 h6 16. Nh2 b6 17. f4 exf4 18. Bxf4 Nxf4 19. Rxf4 Qd8 20. Rb1 Qe7 21. Rbf1 Rae8 22. Bd3 Qe5 23. Ng4 Bxg4 24. hxg4 Qg5 25. Qe2 Nd7 26. Rf5 Qe7 27. Qe3 Ne5 28. Be2 f6 29. g3 Nf7 30. Bd3 Ng5 31. Kg2 Qd7 32. Bc2 Re7 33. e5 Rxe5 34. Rxe5 fxe5 35. Bf5 Qe8 36. a3 g6 37. Be6+ Kg7 38. Rxf8 Qxf8 39. Bd7 Qd8 40. Ba4 Qc8 41. Bd1 Qa6 0-1

[Event "Ayvalik Armut"]
[Site "Ayvalik"]
[Date "2023.11.17"]
[Round "4"]
[White "Akkara, Omer"]
[Black "Radusinovic, Lazar"]
[Result "0-1"]
[WhiteElo "1625"]
[BlackElo "2304"]
[PlyCount "52"]
[EventDate "2023.11.16"]
[EventType "schev"]
[EventRounds "10"]
[EventCountry "TUR"]
[SourceTitle "CB47_2023"]
[SourceDate "2023.11.22"]
[SourceVersion "1"]
[SourceVersionDate "2023.11.22"]
[SourceQuality "1"]
[WhiteTeam "Stars"]
[BlackTeam "Masters"]

1. e4 c5 2. Nf3 Nc6 3. Bb5 e6 4. 0-0 Nge7 5. Nc3 a6 6. Bxc6 Nxc6 7. d4 cxd4 8. Nxd4 d6 9. Be3 Be7 10. Qd2 Ne5 11. Qe2 Qc7 12. Rad1 b5 13. a4 bxa4 14. Nxa4 0-0 15. b3 Bd7 16. f4 Bxa4 17. bxa4 Nc4 18. c3 Rfc8 19. Rc1 Bf6 20. Rfe1 Qa5 21. f5 Nxe3 22. Qxe3 Qxa4 23. fxe6 Rxc3 24. Rxc3 Bxd4 25. exf7+ Kxf7 26. Rc7+ Kg8 0-1

[Event "Ayvalik Armut"]
[Site "Ayvalik"]
[Date "2023.11.17"]
[Round "3"]
[White "Radusinovic, Lazar"]
[Black "Yagiz, Bora"]
[Result "1-0"]
[WhiteElo "2304"]
[BlackElo "1757"]
[PlyCount "52"]
[EventDate "2023.11.16"]
[EventType "schev"]
[EventRounds "10"]
[EventCountry "TUR"]
[SourceTitle "CB47_2023"]
[SourceDate "2023.11.22"]
[SourceVersion "1"]
[SourceVersionDate "2023.11.22"]
[SourceQuality "1"]
[WhiteTeam "Masters"]
[BlackTeam "Stars"]

1. d4 d5 2. c4 c6 3. Nc3 dxc4 4. a4 e5 5. Nf3 exd4 6. Qxd4 Qxd4 7. Nxd4 Bc5 8. Nf3 Na6 9. Bf4 Nb4 10. 0-0-0 Nf6 11. e3 Nbd5 12. Bxc4 Be6 13. Bxd5 Bxd5 14. Be5 Bb3 15. Rd3 Bc4 16. Rd2 Be7 17. Nd4 Nd7 18. Bg3 Nc5 19. Kc2 Bf6 20. Bd6 Ne6 21. Nf5 g6 22. Ne4 Bd8 23. Be5 f6 24. Nfd6+ Kf8 25. Nxf6 Bc7 26. Nxc4 Bd8 1-0

[Event "Ayvalik Armut"]
[Site "Ayvalik"]
[Date "2023.11.16"]
[Round "1"]
[White "Radusinovic, Lazar"]
[Black "Senel, Hayri Beyhun"]
[Result "1-0"]
[WhiteElo "2304"]
[BlackElo "1953"]
[PlyCount "127"]
[EventDate "2023.11.16"]
[EventType "schev"]
[EventRounds "10"]
[EventCountry "TUR"]
[SourceTitle "CB47_2023"]
[SourceDate "2023.11.22"]
[SourceVersion "1"]
[SourceVersionDate "2023.11.22"]
[SourceQuality "1"]
[WhiteTeam "Masters"]
[BlackTeam "Stars"]

1. d4 Nf6 2. Nf3 d5 3. g3 c5 4. c4 dxc4 5. Qa4+ Bd7 6. Qxc4 cxd4 7. Bg2 Bc6 8. 0-0 e6 9. Qxd4 Qxd4 10. Nxd4 Bxg2 11. Kxg2 a6 12. Nd2 Nbd7 13. Nc4 Rc8 14. b3 b5 15. Ne3 Bb4 16. Bb2 0-0 17. Rfd1 Bc3 18. Bxc3 Rxc3 19. Rac1 Rfc8 20. Rxc3 Rxc3 21. Ndc2 Rc6 22. Nb4 Rb6 23. Rc1 g6 24. Rc7 Kg7 25. Ng4 Nxg4 26. Rxd7 Nf6 27. Ra7 Nd5 28. Nxa6 Nc3 29. Nc5 Rd6 30. a4 bxa4 31. bxa4 Nxe2 32. Nd7 Rd5 33. Nb6 Rd6 34. Nc4 Rd5 35. a5 Nd4 36. a6 Rc5 37. Nd6 Ra5 38. Rxf7+ Kg8 39. Ra7 Nc6 40. Ra8+ Kg7 41. Ne8+ Kf7 42. Nc7 Ke7 43. Rh8 h5 44. Rh7+ Kd6 45. Rg7 g5 46. Ne8+ Kc5 47. Rxg5+ e5 48. Nc7 Kd6 49. Rg7 e4 50. Ne8+ Ke6 51. Rg6+ Kd7 52. Rd6+ Kxe8 53. Rxc6 Ke7 54. Rh6 Kf7 55. Rb6 Ra2 56. Kf1 Ke7 57. h3 Kf7 58. g4 hxg4 59. hxg4 Ke7 60. Rb7+ Kf6 61. Ra7 Kg5 62. Ra8 Kf6 63. a7 Kf7 64. Rh8 1-0

[Event "Bijeljina 2nd"]
[Site "Bijeljina"]
[Date "2022.12.13"]
[Round "1"]
[White "Kurajica, Bojan"]
[Black "Radusinovic, Lazar"]
[Result "1/2-1/2"]
[WhiteElo "2489"]
[BlackElo "2344"]
[PlyCount "61"]
[EventDate "2022.12.13"]
[EventType "tourn"]
[EventRounds "2"]
[EventCountry "BIH"]
[EventCategory "6"]
[SourceTitle "EXT 2024"]
[Source "ChessBase"]
[SourceDate "2023.10.10"]
[SourceVersion "1"]
[SourceVersionDate "2023.10.10"]
[SourceQuality "1"]

1. d4 d5 2. c4 c6 3. Nf3 Nf6 4. Qb3 Qb6 5. Nc3 dxc4 6. Qxc4 Bf5 7. g3 e6 8. Bg2 Nbd7 9. 0-0 Qb4 10. Nd2 e5 11. d5 Qxc4 12. Nxc4 cxd5 13. Nxd5 Nxd5 14. Bxd5 Rc8 15. Ne3 Bh3 16. Rd1 b6 17. Bb7 Rd8 18. Nd5 Bd6 19. Nc3 Bb8 20. b3 Nc5 21. Bc6+ Bd7 22. Bxd7+ Rxd7 23. Ba3 Nb7 24. Rac1 Rxd1+ 25. Rxd1 h5 26. Bc1 Ke7 27. e4 Rc8 28. Bb2 f6 29. Kg2 Bd6 30. Nb5 Ke6 31. Rc1 1/2-1/2

[Event "Bijeljina 1st"]
[Site "Bijeljina"]
[Date "2022.12.12"]
[Round "8"]
[White "Radusinovic, Lazar"]
[Black "Lazic, Miroljub"]
[Result "1/2-1/2"]
[WhiteElo "2344"]
[BlackElo "2320"]
[PlyCount "40"]
[EventDate "2022.12.09"]
[EventType "tourn"]
[EventRounds "9"]
[EventCountry "BIH"]
[EventCategory "6"]
[SourceTitle "CBM 211 Extra"]
[Source "ChessBase"]
[SourceDate "2023.01.31"]
[SourceVersion "1"]
[SourceVersionDate "2023.01.31"]
[SourceQuality "1"]

1. d4 d5 2. Nf3 Nf6 3. g3 c6 4. Bg2 Bf5 5. 0-0 h6 6. c4 e6 7. Qb3 Qb6 8. c5 Qc7 9. Bf4 Qc8 10. Nc3 Be7 11. h3 0-0 12. g4 Bh7 13. Qd1 Nbd7 14. Nd2 Bd8 15. e4 Nxe4 16. Ncxe4 dxe4 17. Nxe4 Bxe4 18. Bxe4 Bc7 19. Bxc7 Qxc7 20. b4 Nf6 1/2-1/2

[Event "SRB-chT Premier"]
[Site "Vrnjacka Banja"]
[Date "2022.09.29"]
[Round "10.3"]
[White "Strikovic, Aleksa"]
[Black "Radusinovic, Lazar"]
[Result "0-1"]
[WhiteElo "2491"]
[BlackElo "2308"]
[PlyCount "86"]
[EventDate "2022.09.20"]
[EventType "team-tourn"]
[EventRounds "11"]
[EventCountry "SRB"]
[SourceTitle "CBM 210 Extra"]
[Source "ChessBase"]
[SourceDate "2022.11.30"]
[SourceVersion "1"]
[SourceVersionDate "2022.11.30"]
[SourceQuality "1"]
[WhiteTeam "Pozega"]
[BlackTeam "Vladimirci"]
[WhiteTeamCountry "SRB"]
[BlackTeamCountry "SRB"]

1. c4 e5 2. g3 Nc6 3. Bg2 d6 4. Nc3 Be6 5. d3 Qd7 6. Rb1 Be7 7. b4 Nf6 8. Nd5 0-0 9. b5 Nd8 10. Qa4 h6 11. Ba3 a6 12. Nxe7+ Qxe7 13. Nf3 e4 14. dxe4 Nxe4 15. Rb3 Qf6 16. Bb2 Nc5 17. Qa3 Qg6 18. Rc3 axb5 19. Qxa8 Nc6 20. Qxf8+ Kxf8 21. 0-0 bxc4 22. Ra3 Kg8 23. Rc1 Qh5 24. h3 Na6 25. g4 Qb5 26. Bc3 Qc5 27. Ra4 d5 28. e3 Qf8 29. Bb2 Nab4 30. Ne1 Qc8 31. Bc3 Na6 32. Rb1 Nc5 33. Ra3 h5 34. f3 f5 35. Bd4 Qf8 36. Rc3 f4 37. Nc2 fxe3 38. Bxe3 Qf6 39. Ra3 d4 40. Bf2 Qg6 41. Rb5 Qxc2 42. Ra8+ Kf7 43. Rxc5 d3 0-1

[Event "Belgrade Gligoric Memorial"]
[Site "Belgrade"]
[Date "2022.07.20"]
[Round "5"]
[White "Radusinovic, Lazar"]
[Black "Gavrilov, Maxim"]
[Result "0-1"]
[WhiteElo "2350"]
[BlackElo "2216"]
[PlyCount "68"]
[EventDate "2022.07.17"]
[EventType "swiss"]
[EventRounds "9"]
[EventCountry "SRB"]
[SourceTitle "CBM 209 Extra"]
[Source "ChessBase"]
[SourceDate "2022.09.30"]
[SourceVersion "1"]
[SourceVersionDate "2022.09.30"]
[SourceQuality "1"]

1. d4 Nf6 2. Nf3 e6 3. g3 b5 4. Bg2 Bb7 5. 0-0 c5 6. a4 b4 7. c4 cxd4 8. Nxd4 Bxg2 9. Kxg2 Qc8 10. b3 Qb7+ 11. f3 Bc5 12. Bg5 d6 13. Bxf6 gxf6 14. Qd3 Nd7 15. Nb5 Ke7 16. e3 Ne5 17. Qe2 h5 18. h4 Rhg8 19. Nd2 Rg6 20. Kh2 Rag8 21. Rg1 f5 22. Rad1 Qb6 23. Nf1 f4 24. Nd4 fxe3 25. Nc2 Rf6 26. Ne1 Qb7 27. Kg2 Rfg6 28. Nd3 Nxd3 29. Rxd3 f5 30. Rxe3 f4 31. Re4 Rxg3+ 32. Nxg3 Rxg3+ 33. Kh1 Rxg1+ 34. Kh2 Qc8 0-1

[Event "Belgrade Gligoric Memorial"]
[Site "Belgrade"]
[Date "2022.07.19"]
[Round "4"]
[White "Djokic, Mihailo"]
[Black "Radusinovic, Lazar"]
[Result "1/2-1/2"]
[WhiteElo "2185"]
[BlackElo "2350"]
[PlyCount "118"]
[EventDate "2022.07.17"]
[EventType "swiss"]
[EventRounds "9"]
[EventCountry "SRB"]
[SourceTitle "CBM 209 Extra"]
[Source "ChessBase"]
[SourceDate "2022.09.30"]
[SourceVersion "1"]
[SourceVersionDate "2022.09.30"]
[SourceQuality "1"]

1. e4 c5 2. Nf3 Nc6 3. d4 cxd4 4. Nxd4 e5 5. Nb5 d6 6. a4 Be7 7. N1c3 a6 8. Na3 Nf6 9. Bg5 Be6 10. Bxf6 Bxf6 11. Nc4 0-0 12. Nd5 Nd4 13. Ncb6 Bxd5 14. Nxd5 Rc8 15. c3 Ne6 16. Be2 Nf4 17. Ne3 Qb6 18. Rb1 Qc6 19. Bf3 b5 20. g3 Ne6 21. axb5 Qxb5 22. Be2 Qb7 23. Qd5 Rc6 24. 0-0 Rb8 25. Rfd1 Qc7 26. Qa2 Bg5 27. Nd5 Qb7 28. Nb4 Rb6 29. Bc4 Nc5 30. Bd5 Qd7 31. Nd3 Nxd3 32. Rxd3 g6 33. h4 Bf6 34. b4 Kg7 35. Kg2 h5 36. Rbd1 Qc7 37. Rf1 Rf8 38. f4 exf4 39. Rdf3 Be5 40. gxf4 Bf6 41. f5 Qe7 42. Kh1 Rb5 43. Qxa6 Rbb8 44. Qa2 Qe5 45. Qa7 g5 46. hxg5 Bxg5 47. Bxf7 Ra8 48. Qg1 Kxf7 49. Qxg5 Rg8 50. Qxh5+ Kf6 51. Qh6+ Kf7 52. Qe6+ Qxe6 53. fxe6+ Kxe6 54. Rh3 Ra3 55. Re1 Rb3 56. Rh6+ Kd7 57. Re3 Rb1+ 58. Kh2 Rb2+ 59. Kh3 Rb1 1/2-1/2

[Event "Bihac"]
[Site "Bihac"]
[Date "2022.05.31"]
[Round "5"]
[White "Radusinovic, Lazar"]
[Black "Srbis, Jurica"]
[Result "1/2-1/2"]
[WhiteElo "2348"]
[BlackElo "2451"]
[PlyCount "106"]
[EventDate "2022.05.28"]
[EventType "tourn"]
[EventRounds "9"]
[EventCountry "BIH"]
[EventCategory "6"]
[SourceTitle "CBM 208 Extra"]
[Source "ChessBase"]
[SourceDate "2022.07.31"]
[SourceVersion "1"]
[SourceVersionDate "2022.07.31"]
[SourceQuality "1"]

1. d4 Nf6 2. Nf3 d5 3. g3 c5 4. Bg2 cxd4 5. 0-0 h6 6. b3 e6 7. Bb2 Bc5 8. Bxd4 Bxd4 9. Qxd4 Nc6 10. Qc5 Ne4 11. Qa3 Qf6 12. c3 Nxc3 13. Nxc3 Qxc3 14. Rac1 Qf6 15. e4 dxe4 16. Nd2 Qe7 17. Qxe7+ Kxe7 18. Nxe4 Rd8 19. Nc5 Nd4 20. Nxb7 Bxb7 21. Rc7+ Rd7 22. Rxd7+ Kxd7 23. Bxb7 Rb8 24. Rd1 e5 25. Ba6 Kd6 26. f4 f6 27. Kf2 Rb6 28. Bc4 Kc5 29. Re1 Nc6 30. Ke3 exf4+ 31. gxf4 Rb7 32. Kd2 Kd4 33. Re6 Ne7 34. Re3 Rc7 35. Bd3 Nc8 36. Bf5 Nd6 37. Rd3+ Kc5 38. b4+ Kc6 39. Rc3+ Kb6 40. Rxc7 Kxc7 41. Be6 Nb5 42. Kd3 Kd6 43. Bc4 Nc7 44. Ke4 g6 45. h4 g5 46. fxg5 fxg5 47. h5 Ne6 48. Be2 Nf4 49. Bf3 Nd5 50. a3 Ke6 51. Bg4+ Kd6 52. Bf3 Ke6 53. Bg4+ Kd6 1/2-1/2

[Event "Bihac"]
[Site "Bihac"]
[Date "2022.05.29"]
[Round "3"]
[White "Radusinovic, Lazar"]
[Black "Prastalo, Borislav"]
[Result "1/2-1/2"]
[WhiteElo "2348"]
[BlackElo "2317"]
[PlyCount "78"]
[EventDate "2022.05.28"]
[EventType "tourn"]
[EventRounds "9"]
[EventCountry "BIH"]
[EventCategory "6"]
[SourceTitle "CBM 208 Extra"]
[Source "ChessBase"]
[SourceDate "2022.07.31"]
[SourceVersion "1"]
[SourceVersionDate "2022.07.31"]
[SourceQuality "1"]

1. d4 d6 2. Nf3 g6 3. g3 Bg7 4. Bg2 c6 5. 0-0 Nf6 6. a4 0-0 7. a5 h6 8. c4 Be6 9. d5 Bd7 10. Nc3 Qc8 11. Re1 Bh3 12. Bh1 Na6 13. Be3 c5 14. Qc1 Ng4 15. Bd2 Nb4 16. Nd1 Kh7 17. Bc3 Nf6 18. Ne3 b6 19. Nc2 bxa5 20. Rxa5 Qc7 21. Ra3 a5 22. Ne3 Rfb8 23. Nd2 Ng4 24. Bxg7 Kxg7 25. Nxg4 Bxg4 26. Bf3 Bd7 27. Qc3+ f6 28. h4 h5 29. Kg2 Qc8 30. Rea1 a4 31. e4 Qe8 32. Bd1 Ra7 33. Nf3 e5 34. dxe6 Qxe6 35. Bxa4 Rxa4 36. Rxa4 Bxa4 37. Rxa4 Qxe4 38. Qd2 Qe7 39. Ra3 Rd8 1/2-1/2